| 000 | 00416cam a2200181 4500 | ||
|---|---|---|---|
| 001 | D2654 | ||
| 008 | 090401t1965 xxu||||| |||| 00| 0 eng d | ||
| 035 | _a(Sirsi) u70146 | ||
| 041 | _aeng | ||
| 050 | _a510.0212 | ||
| 100 | _aComrie, L.J. | ||
| 245 | _aChambers` Six-figure mathematical tables, | ||
| 260 |
_aLondon _bChambers _c1965 |
||
| 300 | _a2v. 27cm | ||
| 350 | _a5 | ||
| 942 | _n0 | ||
| 948 | _c04/03/1997 | ||
| 999 |
_c95289 _d95289 |
||